000 01809nam a2200277Ia 4500
999 _c37450
_d37450
001 3409
003 GE_BSU
005 20190620204916.0
008 181216s2010|||| |||||||||||||| ||geo||
020 _a9789941024146
040 _cGE_BSU
041 _ageo
080 _a628.12(072) დ–18
245 _aდამხმარე სახელმძღვანელო საკურსო და საკვალიფიკაციო ნაშრომების შესასრულებლად "სატუმბო სადგურების დაგეგმარება". /
_cშემდგ : ზ. ნ. მეგრელიშვილი, ნინო დონდოლაძე ; ნანა დონდოლაძე ; ბ.გ. ხუციშვილი ; რედ : ლ. კლიმიაშვილი.
264 _aბათუმი,
_c2010.
300 _a124 გვ .:
_bცხრ., ნახ. ;
_c19 სმ.
_eდანართები: გვ. 87-123.
504 _aბიბლიოგრ.: გვ. 86.
653 _aსატუმბო სადგურების დაგეგმარება
700 _aმეგრელიშვილი, ზ.ნ
_eშემდგენელი
_91928
700 _aდონდოლაძე, ნანა
_eშემდგენელი
_91929
700 _aდონდოლაძე, ნინო
_eშემდგენელი
_91930
700 _aხუციშვილი, ბ.გ
_eშემდგენელი
_91931
700 _aკლიმიაშვილი, ლ
_eრედაქტორი
_91932
710 _aსაქ. განათლ. სამინ., შ. რუსთაველის სახელმწ. უნ-ტი
_91933
942 _cBK
_2udc